Artificial-Intelligence Pictures Quizz 1 - Statistics

General Stats
  • This quiz has been taken 28 times
  • The average score is 3 of 22
Answer Stats
Picture Answer % Correct
Chaplin Jackson
67%
Bean Bond
59%
C3PO Ironman
30%
Cleopatra Goldberg
26%
Garfield Snoopy
22%
Frankenstein Presley
11%
Jones Potter
11%
Kennedy Roosevelt
11%
Churchill Lenin
7%
Einstein Washington
7%
Jesus Rasputin
7%
Mario Mussolini
7%
Batman Castro
4%
Bieber Madonna
4%
Gandhi Stallone
4%
King Mercury
4%
Leia Monroe
4%
Lisa Parks
4%
Mozart Newton
4%
Twain Hirohito
4%
Conan Obama
0%
Tarantino DiCaprio
0%
No matching quizzes found
Score Distribution
Percent of People with Each Score
Percentile by Number Answered
Your Score History
You have not taken this quiz